|
|
|
|
| LEADER |
00000caa a22000002c 4500 |
| 001 |
1912538563 |
| 003 |
DE-627 |
| 005 |
20250128054957.0 |
| 007 |
cr uuu---uuuuu |
| 008 |
241217s1986 xx |||||o 00| ||eng c |
| 024 |
7 |
|
|a 10.1111/j.1533-8525.1986.tb00259.x
|2 doi
|
| 035 |
|
|
|a (DE-627)1912538563
|
| 035 |
|
|
|a (DE-599)KXP1912538563
|
| 040 |
|
|
|a DE-627
|b ger
|c DE-627
|e rda
|
| 041 |
|
|
|a eng
|
| 084 |
|
|
|a 2,1
|2 ssgn
|
| 100 |
1 |
|
|a Smith, M. Dwayne
|e VerfasserIn
|0 (DE-588)17066936X
|0 (DE-627)060789557
|0 (DE-576)131532251
|4 aut
|
| 109 |
|
|
|a Smith, M. Dwayne
|a Smith, M. D.
|a Dwayne Smith, M.
|
| 245 |
1 |
4 |
|a The era of increased violence in the United States: Age, period, or cohort effect?
|
| 264 |
|
1 |
|c 1986
|
| 336 |
|
|
|a Text
|b txt
|2 rdacontent
|
| 337 |
|
|
|a Computermedien
|b c
|2 rdamedia
|
| 338 |
|
|
|a Online-Ressource
|b cr
|2 rdacarrier
|
| 773 |
0 |
8 |
|i Enthalten in
|t The sociological quarterly
|d London : Taylor & Francis, 1960
|g 27(1986), 2, Seite 239-251
|h Online-Ressource
|w (DE-627)329554409
|w (DE-600)2047513-5
|w (DE-576)094427186
|x 1533-8525
|7 nnas
|
| 773 |
1 |
8 |
|g volume:27
|g year:1986
|g number:2
|g pages:239-251
|
| 856 |
4 |
0 |
|u https://doi.org/10.1111/j.1533-8525.1986.tb00259.x
|x Resolving-System
|z lizenzpflichtig
|3 Volltext
|7 1
|
| 935 |
|
|
|a mkri
|
| 951 |
|
|
|a AR
|
| ELC |
|
|
|a 1
|
| LOK |
|
|
|0 000 xxxxxcx a22 zn 4500
|
| LOK |
|
|
|0 001 4637504066
|
| LOK |
|
|
|0 003 DE-627
|
| LOK |
|
|
|0 004 1912538563
|
| LOK |
|
|
|0 005 20241217044420
|
| LOK |
|
|
|0 008 241217||||||||||||||||ger|||||||
|
| LOK |
|
|
|0 035
|a (DE-2619)ICPSR28395
|
| LOK |
|
|
|0 040
|a DE-2619
|c DE-627
|d DE-2619
|
| LOK |
|
|
|0 092
|o n
|
| LOK |
|
|
|0 852
|a DE-2619
|
| LOK |
|
|
|0 852 1
|9 00
|
| LOK |
|
|
|0 935
|a nacp
|
| LOK |
|
|
|0 939
|a 17-12-24
|b l01
|
| ORI |
|
|
|a SA-MARC-krimdoka001.raw
|